[Event "ISR-chT 2020"]
[Site "Israel"]
[Date "2020.02.14"]
[Round "7.20"]
[White "Baron, Tal"]
[Black "Galburd, Yan"]
[Result "1/2-1/2"]
[WhiteElo "2529"]
[BlackElo "2450"]
[Annotator "TA"]
[PlyCount "178"]
[EventDate "2020.01.10"]
[EventType "team-tourn"]
[EventCountry "ISR"]
[SourceTitle "playchess.com"]
[Source "ChessBase"]
[SourceQuality "1"]

{[%evp 9,178,19,16,17,27,10,20,14,14,0,0,11,38,34,30,30,41,39,44,32,46,43,34,29,27,-29,-16,-35,-20,-26,-22,-60,-59,-104,-102,-106,0,0,42,42,41,64,45,66,38,32,70,72,72,25,66,72,97,58,61,62,57,50,239,225,239,183,214,88,85,73,95,66,66,15,9,11,15,8,8,8,8,8,8,8,8,8,8,8,8,0,8,0,8,8,8,8,8,8,8,7,7,7,8,8,8,8,8,8,8,8,8,7,7,7,7,0,7,0,8,8,8,7,8,7,7,7,7,7,7,7,7,7,7,7,7,7,7,7,7,7,8,8,8,8,8,8,11,8,8,8,8,7,8,8,8,8,8,0,7,7,7,7,7,0,0,0,0,0,0,0,0,0,0,0,0]} 1. d4 d5 2. c4 c6 3. cxd5 cxd5 4. Bg5 h6 5. Bh4 Qb6 6. Nc3 {D10: Slav Defence: 3 cxd5 (without early Nf3) and 3 Nc3.} e6 7. Qd2 Ne7 8. f3 Nbc6 9. e3 Nf5 10. Bf2 Bb4 11. Bd3 Bd7 12. Nge2 Nd6 13. O-O Na5 {[#]} 14. Rfb1 $146 ({Predecessor:} 14. e4 Nac4 15. Qc1 Bxc3 16. Nxc3 Nxb2 17. Be2 Na4 18. Nxa4 Bxa4 19. exd5 Rc8 20. Qa3 {1-0 (63) Ivanisevic,I (2645)-Shirov,A (2677) Novi Sad 2016}) 14... O-O 15. Qd1 Nac4 16. e4 Qa5 17. Be1 (17. e5 $142 Nb5 18. Bxc4 dxc4 19. Ne4) 17... dxe4 $1 $11 18. fxe4 Qg5 {And now ...Ne3! would win.} 19. Bg3 Rac8 20. Kh1 Rfd8 21. a3 Bxc3 22. Nxc3 {[#]} Nb5 (22... Nxb2 $1 $17 {[%mdl 512]} 23. Rxb2 Rxc3) 23. Qe1 $36 {[%mdl 2048] White is pushing.} Qe7 24. Bh4 g5 25. Bf2 $1 Nxc3 26. bxc3 b5 27. a4 a6 28. Qe2 e5 29. Bg3 f6 30. Rf1 Nd6 31. axb5 Bxb5 32. Bxb5 axb5 33. Qh5 Kh7 $2 (33... Qg7 $14) 34. dxe5 $18 fxe5 {[#]} 35. Bxe5 $1 {[%mdl 512] White threatens Rf6 and mate.} Rf8 (35... Qxe5 36. Ra7+) 36. Bxd6 (36. Rfd1 $18 {is more deadly.} Rcd8 37. Kg1) 36... Qxd6 $16 37. h4 gxh4 38. Ra7+ Kh8 {[%cal Rf8f1]} 39. Rd1 ({White should try} 39. Rff7 $14 Rxf7 40. Rxf7) 39... Qf6 $11 {The position is equal.} 40. e5 Qg5 41. Qxg5 hxg5 {[%mdl 4096] Endgame KRR-KRR} 42. Rdd7 {Rh7+ would kill now.} Rfe8 $1 43. Rh7+ Kg8 44. Rag7+ Kf8 45. Rb7 {[%cal Rh7h8]} Kg8 46. Rhg7+ Kh8 47. Rh7+ Kg8 48. Rbg7+ Kf8 49. Rd7 {[%cal Rh7h8]} Kg8 50. Rhg7+ Kh8 51. Rxg5 Rxc3 52. Rd5 (52. Kh2 {looks sharper.} Rc4 53. Rb7 b4 54. Rh5+ Kg8 55. Kh3) 52... Kh7 53. Rxb5 Re3 54. Kh2 Kh6 55. e6 Re4 56. Rh5+ Kg6 57. Rbg5+ Kf6 58. Rf5+ Kg6 59. Rhg5+ Kh6 60. Rh5+ Kg6 61. Rfg5+ Kf6 62. Kh3 R8xe6 63. Rg8 Kf7 64. Ra8 Rg6 65. Ra7+ Kf6 66. Rhh7 Rg3+ 67. Kh2 Rg6 68. Ra6+ Kg5 69. Ra5+ Kf6 70. Rb5 Ra4 71. Rb2 Rag4 72. Rf2+ Ke6 73. Ra7 Rg3 74. Ra1 R6g5 75. Ra6+ Ke7 76. Rb2 {Threatening mate with Rb7+.} (76. Raa2 {feels hotter.} Rg6 77. Rf4 R3g4 78. Re2+ Kd6 79. Rf7) 76... Rd3 77. Rh6 {aiming for Rb7+.} Kf7 78. Rxh4 Rdd5 79. Rb7+ Kg6 80. Rb6+ Kg7 81. Rb7+ Kg6 82. Rhb4 Rh5+ 83. Kg3 Rhg5+ 84. Kf2 Rd2+ 85. Ke3 Rgxg2 86. R4b6+ Kf5 87. Rf7+ Ke5 88. Re7+ Kf5 {White must now prevent ...Rge2+.} 89. Rf7+ Ke5 {Accuracy: White = 88%, Black = 89%.} 1/2-1/2

[Event "ISR-chT 2020"]
[Site "Israel"]
[Date "2020.02.14"]
[Round "7.21"]
[White "Parkhov, Yair"]
[Black "Raznikov, Danny"]
[Result "1/2-1/2"]
[WhiteElo "2370"]
[BlackElo "2506"]
[Annotator "TA"]
[PlyCount "37"]
[EventDate "2020.01.10"]
[EventType "team-tourn"]
[EventCountry "ISR"]
[SourceTitle "playchess.com"]
[Source "ChessBase"]
[SourceQuality "1"]

{[%evp 11,37,10,17,12,22,25,24,6,26,9,2,-8,10,6,13,-32,-37,-77,-51,-60,-56,-51,-40,-40,-51,-44,-12,-27]} 1. e4 c5 2. Nf3 d6 3. d4 cxd4 4. Nxd4 Nf6 5. Nc3 a6 6. Bd3 g6 7. f3 $1 {[%mdl 4] is more profitable than 7.0-0 at the moment. B90: Sicilian Najdorf: Unusual White 6th moves, 6 Be3 Ng4 and 6 Be3 e5.} b5 8. Be3 Bb7 9. Qd2 {White has an edge.} Nbd7 10. a4 b4 {[#]} 11. Na2 $146 ({Predecessor:} 11. Nce2 e5 12. Nb3 d5 13. exd5 Nxd5 14. Bg5 Be7 15. Bxe7 Qxe7 16. Na5 Nc5 17. Nxb7 Qxb7 {½-½ (45) Semprun Martinez,F (2239)-Zhou,Y (2477) London 2014}) 11... d5 12. exd5 Nxd5 13. Bf2 e6 14. Ne2 Bd6 15. c4 bxc3 16. Naxc3 Ne5 17. Be4 O-O 18. Bxd5 exd5 19. O-O {Accuracy: White = 81%, Black = 91%.} 1/2-1/2

[Event "ISR-chT 2020"]
[Site "Israel"]
[Date "2020.02.14"]
[Round "7.22"]
[White "Kobo, Ori"]
[Black "Psakhis, Lev"]
[Result "1/2-1/2"]
[WhiteElo "2445"]
[BlackElo "2456"]
[Annotator "TA"]
[PlyCount "117"]
[EventDate "2020.01.10"]
[EventType "team-tourn"]
[EventCountry "ISR"]
[SourceTitle "playchess.com"]
[Source "ChessBase"]
[SourceQuality "1"]

{[%evp 16,117,-1,-18,-12,-17,0,-5,-7,-9,0,0,4,0,0,0,0,0,10,2,12,15,18,11,22,0,2,0,0,0,7,-3,1,7,8,3,15,0,0,0,14,13,16,10,8,0,2,5,7,8,4,5,14,0,23,31,35,14,8,15,22,0,0,0,0,0,0,0,0,0,65,74,66,61,61,68,69,69,54,65,59,27,29,40,30,23,18,18,20,0,0,0,18,25,27,24,25,27,27,0,10,0,0,0]} 1. Nf3 c5 2. c4 Nc6 {[%cal Bb8c6,Bc6e5,Be5c4][%mdl 32]} 3. d4 cxd4 4. Nxd4 Nf6 5. Nc3 e6 6. g3 Qb6 7. Ndb5 Ne5 8. Bg2 $1 {The main line 8.Bg2 scores better than 8.Bf4.} a6 9. Qa4 {And now Be3 would win.} Rb8 {A33: Symmetrical English: 2 Nf3 Nf6 3 d4 cxd4 4 Nxd4 e6 5 Nc3 Nc6.} 10. Na3 Bxa3 (10... h5 {is interesting.} 11. Bf4 Neg4 12. Nd1 e5 13. Bg5 Bc5) 11. Qxa3 Nxc4 12. Qb3 $132 {[%mdl 2048] White has counterplay} Qxb3 (12... Qc7 {keeps more tension.} 13. Bf4 d6 14. O-O O-O 15. Qb4 Nh5) 13. axb3 Ne5 14. Bf4 d6 15. O-O-O Ke7 16. Rxd6 Ng6 (16... Kxd6 $5 17. Rd1+ $8 Ke7 18. Bxe5 Ra8 $11) 17. Rd8 Rxd8 18. Bxb8 Bd7 19. Ba7 Rc8 $1 20. Kb1 Bc6 21. e4 Nd7 {[#]} 22. Bd4 $146 ({Predecessor:} 22. Be3 Nge5 23. h3 f6 24. Rd1 Nf7 25. f4 Nd6 26. Rd2 f5 27. exf5 Nxf5 28. Bxc6 Rxc6 {½-½ (46) Cramling,P (2453)-Huzman,A (2557) Tallinn 2016}) 22... f6 23. f4 Nh8 24. Re1 Nf7 25. Bh3 Kd6 26. Rd1 {[#] Hoping for Bxf6+.} Ke7 27. Re1 Kd6 28. b4 Re8 29. Kc2 Kc7 30. Kd3 Nd6 31. e5 fxe5 32. Bxe5 Nxe5+ 33. Rxe5 Bd7 34. Kd4 b6 35. Re1 Nf7 {[#] ...e5+! is the strong threat.} 36. Bf1 Rd8 37. Ke3 b5 38. Ne4 e5 39. Nc5 Bc8 40. Bd3 g6 41. Kd2 Rd5 42. Kc3 Kd8 (42... a5 $11) 43. Be4 $14 Rd6 44. fxe5 Nxe5 45. Bb7 Ng4 46. Bxc8 Kxc8 {[%mdl 4096] Endgame KRN-KRN} 47. Re8+ Rd8 48. Re7 Nxh2 49. Rxh7 Nf1 50. Nxa6 {[%csl Ga6][%cal Rh7c7]} Rd6 51. Rh8+ Rd8 52. Rh7 {[%csl Ga6][%cal Rh7c7]} Rd6 53. Rh8+ Rd8 54. Rh3 Ne3 55. Rh6 Nd5+ 56. Kb3 Rd6 57. Nc5 Rf6 58. Rh8+ Kc7 59. Ne4 {[%mdl 64] Decoy. Accuracy: White = 98%, Black = 98%.} 1/2-1/2

[Event "ISR-chT 2020"]
[Site "Israel"]
[Date "2020.02.14"]
[Round "7.23"]
[White "Mikhalevski, Alexander"]
[Black "Zanan, Evgeny"]
[Result "0-1"]
[WhiteElo "2432"]
[BlackElo "2503"]
[Annotator "TA"]
[PlyCount "60"]
[EventDate "2020.01.10"]
[EventType "team-tourn"]
[EventCountry "ISR"]
[SourceTitle "playchess.com"]
[Source "ChessBase"]
[SourceQuality "1"]

{[%evp 17,60,24,16,25,21,27,25,26,25,21,27,34,21,25,34,10,27,18,19,23,25,35,55,27,17,0,14,22,15,16,38,-67,-71,-53,-54,-140,-79,-681,-687,-864,-837,-769,-787,-748,-694]} 1. d4 Nf6 2. c4 g6 3. Nc3 Bg7 4. e4 d6 5. h3 O-O 6. Bg5 c5 7. d5 e6 8. Bd3 exd5 9. exd5 Nbd7 10. Nf3 {E71: King's Indian: 4 e4 d6 5 h3.} Re8+ 11. Kf1 Ne5 $1 {[%mdl 4] outshines the older 11...a6.} 12. Nxe5 $1 {White has an edge.} Rxe5 13. Qd2 b5 14. Nxb5 Ne4 15. Bxe4 $1 ({Much worse is} 15. Bxd8 Nxd2+ 16. Kg1 Bf5 $15) 15... Rxg5 16. Re1 Re5 17. g3 Bd7 {[#]} 18. Nc3 $146 ({Reject} 18. Nxd6 Qf6 $17) ({Predecessor:} 18. Kg2 Qb6 19. f4 Ree8 20. Bd3 a6 21. Nc3 Qb4 22. Qc2 Rab8 23. Rxe8+ Rxe8 24. Ne4 Bf5 25. b3 Bd4 26. Nf2 Bd7 27. Ne4 Bf5 {½-½ (27) Loeschnauer,R (2456)-Pugh,J (2471) ICCF email 2018}) 18... Rb8 19. Kg2 h5 20. h4 Qf6 21. Bf3 Bg4 22. Bd1 Rbe8 23. Rxe5 Qxe5 24. Bf3 (24. Bxg4 $14 hxg4 25. Qd3) 24... Bxf3+ $1 $15 25. Kxf3 Qf5+ 26. Qf4 {[#]} ({Only move:} 26. Kg2 $15) 26... Qc2 (26... Qd3+ $142 $1 27. Kg2 Bxc3 28. bxc3 Re5) 27. Ne4 $2 {[%mdl 8192]} (27. Qc1 $17 Qd3+ 28. Kg2) 27... Bd4 $19 {...Rxe4! is the strong threat.Black is clearly winning.} 28. Nd2 Qd3+ 29. Kg2 Re2 {[%mdl 64] Double Attack} 30. Rf1 Qxd2 {Accuracy: White = 62%, Black = 91%.} 0-1

[Event "ISR-chT 2020"]
[Site "Israel"]
[Date "2020.02.14"]
[Round "7.24"]
[White "Bronstein, Or"]
[Black "Zlatin, Alexander"]
[Result "0-1"]
[WhiteElo "2428"]
[BlackElo "2310"]
[Annotator "TA"]
[PlyCount "114"]
[EventDate "2020.01.10"]
[EventType "team-tourn"]
[EventCountry "ISR"]
[SourceTitle "playchess.com"]
[Source "ChessBase"]
[SourceQuality "1"]

{[%evp 22,154,31,24,28,21,43,41,33,29,27,35,17,10,18,10,15,15,20,0,0,0,10,0,4,0,0,-37,-10,-10,-22,-61,-64,-60,-73,-142,-139,-150,-127,-142,-130,-152,-145,-132,-145,-218,-117,-212,-211,-302,-199,-194,-201,-214,-191,-191,-191,-191,-191,-191,-191,-191,-191,-191,-191,-206,-191,-233,-233,-233,-191,-191,-156,-153,-230,-293,-291,-275,-277,-464,-455,-470,-458,-505,-480,-575,-529,-500,-569,-562,-553,-505,-368,-357,-354,-343,-300,-305,-300,-298,-305,-425,-414,-422,-401,-411,-400,-343,-239,-236,-228,-360,-322,-379,-289,-465,-457,-473,-473,-473,-473,-473,-473,-620,-587,-662,-645,-835,-864,-3438,-3348,-3024,-2148,-29976,-12263]} 1. d4 Nf6 2. c4 e6 3. g3 d5 4. Bg2 Be7 5. Nf3 O-O 6. O-O dxc4 7. Qc2 a6 8. a4 Nc6 9. Qxc4 Qd5 10. Nbd2 Rd8 11. e3 Qxc4 {is the legacy move (11...Rb8).} 12. Nxc4 Nd5 {E05: Open Catalan: 5 Nf3 Be7.} 13. Bd2 Rb8 14. Rfc1 Ndb4 {White is slightly better.} 15. Bc3 f6 {[#]} 16. Ne1 $146 ({Predecessor:} 16. b3 Nd5 17. Bb2 Bd7 18. e4 Ndb4 19. Rd1 Be8 20. Bh3 Bf7 21. Bc3 a5 22. Rd2 {½-½ (57) Darmanto,H (2198)-Sikorski,R ICCF email 2017}) 16... Bd7 17. Nc2 Nxc2 18. Rxc2 Be8 19. Rcc1 Nb4 20. Bd2 Bg6 21. Na5 c6 22. Rc4 Nd5 23. Nb3 e5 24. Rcc1 Nb4 {With the idea ...Nc2.} 25. Bxb4 Bxb4 26. Bf1 a5 27. Bc4+ Kf8 28. f4 ({White should play} 28. dxe5 fxe5 29. f3) 28... exf4 $17 29. gxf4 Re8 30. Kf2 Re7 31. Rg1 Rbe8 32. Rg3 Bc2 $1 33. Ke2 {[#]} (33. Rf3 $17) 33... h5 (33... b5 $1 $19 {[%cal Rb5c4][%mdl 512]} 34. axb5 cxb5 35. Bxb5 Bxb3 36. Bxe8 Bc4+ 37. Kf3 Bd5+ 38. Ke2 Kxe8) 34. Nd2 (34. Rag1 $17) 34... h4 $19 35. Rf3 (35. Rh3 $142 Bf5 36. Rxh4 Rxe3+ 37. Kf2) 35... Bg6 36. Nf1 Bh5 37. Kf2 Bxf3 38. Kxf3 f5 39. Rc1 g6 40. Rc2 Kg7 41. h3 Kf6 42. Rg2 Rb8 43. Rc2 Bd6 44. Nd2 Rbe8 45. Nf1 Rg7 46. Rg2 g5 47. fxg5+ {[#]} Rxg5 (47... Kg6 $1 $17 48. Bd3 Rge7) 48. Rxg5 Kxg5 $17 {[%mdl 4096] Endgame KRB-KBN} 49. Bd3 {[#]} b5 $1 50. Bc2 $2 (50. axb5 cxb5 51. Kf2) 50... Rb8 $19 51. Nd2 Bb4 52. Nf1 c5 53. dxc5 bxa4 54. Bxa4 Bxc5 55. b3 Rd8 56. Bb5 Rd1 {And now ...Rc1 would win.} 57. Ke2 Rc1 {Played: Rd1-b1} 0-1

[Event "ISR-chT 2020"]
[Site "Israel"]
[Date "2020.02.14"]
[Round "7.25"]
[White "Bakalchuk, Johnatan"]
[Black "Rechlis, Gad"]
[Result "0-1"]
[WhiteElo "2443"]
[BlackElo "2498"]
[Annotator "TA"]
[PlyCount "80"]
[EventDate "2020.01.10"]
[EventType "team-tourn"]
[EventCountry "ISR"]
[SourceTitle "playchess.com"]
[Source "ChessBase"]
[SourceQuality "1"]

{[%evp 15,80,0,-2,-10,-8,-14,-16,-22,-6,-17,-10,-29,-13,-8,-20,-22,-25,-32,-20,-17,-9,-18,-8,-16,-4,-54,-43,-83,-81,-93,-79,-97,-109,-109,-108,-127,-119,-133,-86,-97,-77,-103,-53,-82,0,0,-12,-61,0,0,0,0,0,0,0,0,0,-308,-290,-296,-295,-381,-369,-912,-915,-897,-873]} 1. c4 g6 2. Nf3 Bg7 3. g3 c5 4. Bg2 Nc6 5. O-O Nh6 6. Nc3 Nf5 7. b3 O-O 8. Bb2 e6 {[#]} 9. Qc1 $146 {A37: Symmetrical English vs ...g6: 4 Bg2 Bg7 5 Nf3.} ({Predecessor:} 9. Ne1 b6 10. Bxc6 dxc6 11. d3 h5 12. Ng2 Qe7 13. e3 Bd7 14. Qe2 h4 15. g4 h3 16. Nf4 e5 17. Nxh3 {0-1 (55) Jobava,B (2643)-Evdokimov,A (2569) Moscow 2008}) 9... d5 10. Na4 b6 11. Bxg7 {The position is equal.} Kxg7 12. d3 Bb7 13. Qb2+ Qf6 (13... d4 {looks sharper.} 14. a3 Qd7 15. e4 Nfe7 16. Qc2 f6) 14. Qxf6+ Kxf6 15. g4 Nfe7 16. a3 Rad8 17. Nc3 dxc4 18. bxc4 h6 19. h4 Kg7 20. Kh2 f6 21. Ne4 f5 22. gxf5 gxf5 23. Ng3 Ng6 24. Nh5+ Kf7 25. Rg1 Rg8 26. Raf1 Ba8 27. Kh3 Nd4 28. Nxd4 {And now Nb5 would win.} Rxd4 ({Much weaker is} 28... cxd4 $6 29. Bxa8 Rxa8 30. a4 $11) (28... Bxg2+ {feels hotter.} 29. Rxg2 Rxd4 30. f4 e5 31. Rg3 exf4 32. Rgf3 Re8) 29. f4 e5 ({Black should play} 29... Bxg2+ $17 30. Rxg2 e5) 30. Bxa8 $11 Rxa8 31. Ng3 (31. Ng7 $5 {[%cal Rg7f5]}) 31... Rxf4 (31... Ke6 $1 $15 32. Nh5 Rg8) 32. Nxf5 Rxf1 33. Rxf1 $15 {[%mdl 4096] Endgame KRN-KRN} Nf4+ 34. Kg4 h5+ 35. Kf3 Ke6 36. Ke4 $2 {[%mdl 8192] [#]} (36. Ng7+ $11 {and White is okay.} Kf7 37. Nf5) 36... Rg8 $1 $19 37. d4 Rg4 ({Worse is} 37... cxd4 {[#]} 38. Nxd4+ $1 {[%mdl 512]} Kd6 39. Nb5+ Ke6 40. Nd4+ Kd6 41. Nb5+ Ke6 42. Nd4+ $11) ({Weaker is} 37... Nxe2 38. d5+ Kd7 39. Rf3 $11) 38. Ne3 Rxh4 39. dxe5 $2 (39. Nf5 Nxe2+ 40. Nxh4 Ng3+ {[%mdl 64] Double Attack} 41. Kd3 Nxf1 42. d5+ Kf6 43. d6) 39... Nd5+ 40. Kf3 Rh3+ {Accuracy: White = 70%, Black = 84%.} 0-1

[Event "ISR-chT 2020"]
[Site "Israel"]
[Date "2020.02.14"]
[Round "7.26"]
[White "Tarlev, Konstantin"]
[Black "Zoler, Dan"]
[Result "1-0"]
[WhiteElo "2570"]
[BlackElo "2485"]
[Annotator "TA"]
[PlyCount "61"]
[EventDate "2020.01.10"]
[EventType "team-tourn"]
[EventCountry "ISR"]
[SourceTitle "playchess.com"]
[Source "ChessBase"]
[SourceQuality "1"]

{[%evp 17,61,18,57,21,23,18,86,77,74,87,83,86,86,85,112,125,128,129,122,76,75,68,75,80,127,111,194,199,317,312,297,236,682,546,523,512,974,971,968,969,961,930,29992,29993,29993,29994]} 1. e4 c5 2. Nf3 d6 3. d4 cxd4 4. Nxd4 Nf6 5. Nc3 a6 6. f3 e6 7. Be3 b5 8. Qd2 Bb7 9. g4 Nfd7 10. g5 {B80: Sicilian Scheveningen: 6 g3 and 6 Be3, including English Attack.} Nb6 11. a4 {[%cal Ba2a4,Ba4a5][%mdl 32]} b4 {[#]} (11... bxa4 $11 {remains equal.} 12. Nxa4 Nxa4 13. Rxa4 d5) 12. Na2 $1 $16 {[%cal Bc3a2,Ba2b4,Bb4d3,Bd3f2][%mdl 32] [#] White is better.} d5 $146 ({Predecessor:} 12... Nxa4 13. Qxb4 Qd7 14. Nc1 Nc5 15. Qd2 Qc7 16. b4 Ncd7 17. c4 Ne5 18. Ncb3 Nbc6 {0-1 (38) Shegda,E-Fedorchuk,S (2603) Evpatoria 2007}) 13. a5 ({Reject} 13. Nxb4 dxe4 14. a5 e5 $11) 13... Nc4 14. Bxc4 $1 dxc4 15. Nxb4 Be7 16. Qc3 $36 {[%mdl 2048] Keeping Black busy.} Qc7 17. Nd3 Nd7 18. Nf2 O-O 19. b4 Ne5 20. h4 Rab8 {...Bxe4! is the strong threat.} 21. Rb1 Ba8 (21... Qd6 $16) 22. Ke2 $18 Bd6 (22... Qd7 {keeps fighting.}) 23. h5 Qe7 {[%cal Rd6b4]} 24. f4 Nc6 $2 (24... Bxb4 25. Rxb4 Qxb4 26. Qxb4 Rxb4) 25. h6 Nxd4+ 26. Bxd4 ({Weaker is} 26. Qxd4 e5 $16) 26... e5 (26... g6 $142 27. Bf6 Bxb4 28. Bxe7 Bxc3 29. Bxf8 Rxf8) 27. fxe5 Bxb4 {[#]} 28. Rxb4 $1 {[%mdl 576] Promotion} Qxb4 (28... Rxb4 29. hxg7) 29. hxg7 {aiming for Qh3.} Kxg7 30. e6+ Kg8 {[#]} 31. Rxh7 $1 {[%mdl 512] Accuracy: White = 88%, Black = 40%.} 1-0

[Event "ISR-chT 2020"]
[Site "Israel"]
[Date "2020.02.14"]
[Round "7.27"]
[White "Zifroni, Dov"]
[Black "Bitensky, Igor"]
[Result "1-0"]
[WhiteElo "2452"]
[BlackElo "2377"]
[Annotator "TA"]
[PlyCount "83"]
[EventDate "2020.01.10"]
[EventType "team-tourn"]
[EventCountry "ISR"]
[SourceTitle "playchess.com"]
[Source "ChessBase"]
[SourceQuality "1"]

{[%evp 13,83,45,45,37,45,41,54,45,38,47,41,38,48,49,58,34,38,31,46,46,100,106,116,116,112,110,111,118,111,118,116,97,216,216,218,217,207,207,227,231,239,229,233,214,258,250,262,254,248,261,258,249,247,231,335,332,479,438,446,403,506,467,954,932,939,823,890,922,919,917,917,880]} 1. d4 Nf6 2. c4 c5 3. d5 g6 4. Nc3 Bg7 5. e4 d6 6. Nf3 O-O 7. Be2 e6 8. Be3 {E91: King's Indian: Classical: 6 Be2, unusual replies including 6...c5 and 6...Bg4.} Na6 9. O-O Nc7 10. e5 {[#] White is slightly better.} Ng4 $146 ({Predecessor:} 10... dxe5 11. Bxc5 Re8 12. d6 Na6 13. Be3 Nd7 14. a3 b6 15. b4 Bb7 16. Rc1 f5 {½-½ (50) Chakravarthi,R (2228)-Lokander,M (2365) Bhubaneswar 2016}) 11. Bg5 f6 12. exd6 Qxd6 13. Bh4 $36 {[%mdl 2048] Black is under pressure.} f5 14. dxe6 (14. Bg3 {feels hotter.} e5 15. Re1 Nh6 16. Ng5 Nf7 17. Nxf7 Rxf7 18. Bf1) 14... Qxd1 15. Raxd1 {[#] e7 is the strong threat.} Nxe6 16. Rfe1 Nf6 (16... Ne5 $14) 17. Nd5 $16 Ne4 18. Be7 Rf7 {[#]} 19. Bd3 $1 Bd7 20. Bxe4 fxe4 21. Rxe4 Re8 22. Bf6 {Hoping for Ne5.} Nd4 (22... Ba4 $16 23. b3 Bxf6) 23. Rxe8+ $18 Bxe8 24. Bxd4 cxd4 25. Nxd4 Rd7 26. b3 Rd6 27. a4 a6 28. Kf1 Bf7 29. Nf3 {Black must now prevent Ne7+.} Kf8 30. Ng5 Bg8 31. Rd3 Bb2 32. Ne4 Rc6 33. Ndc3 Rb6 (33... Be6 $142 34. f3 Kg7) 34. Nc5 {Strongly threatening Nd7+.} Kg7 (34... Ke8 {is a better defense.} 35. N3e4 Ba3) 35. N3e4 Ba3 36. a5 Rb4 37. Rd7+ {White is clearly winning.} Kh6 (37... Kh8 $142 38. Nd2 Bc1) 38. Nf6 Bxc4+ 39. bxc4 Rb1+ 40. Ke2 {f4 would kill now.} Bxc5 41. Rxh7+ Kg5 42. Ne4+ {[%mdl 64] Double Attack. Accuracy: White = 100%, Black = 62%.} 1-0

[Event "ISR-chT 2020"]
[Site "Israel"]
[Date "2020.02.14"]
[Round "7.28"]
[White "Manor, Ilan"]
[Black "Caspi, Israel"]
[Result "0-1"]
[WhiteElo "2457"]
[BlackElo "2474"]
[Annotator "TA"]
[PlyCount "118"]
[EventDate "2020.01.10"]
[EventType "team-tourn"]
[EventCountry "ISR"]
[SourceTitle "playchess.com"]
[Source "ChessBase"]
[SourceQuality "1"]

{[%evp 19,118,0,-6,-19,-19,-4,33,34,33,30,60,79,68,50,38,43,43,43,43,37,43,44,40,22,58,41,47,31,58,38,66,28,39,33,38,14,11,10,89,82,84,0,45,0,0,0,0,0,0,0,0,0,0,0,0,0,0,0,0,0,0,0,0,0,0,-76,-76,-77,0,0,0,0,0,-8,-8,-72,-55,-81,-85,-101,-101,-101,-103,-110,-110,-110,-110,-110,-110,-190,-145,-241,-241,-241,-241,-292,-297,-245,-135,-390,-173]} 1. d4 Nf6 2. c4 e6 3. g3 d5 4. Bg2 Be7 5. Nf3 O-O 6. O-O dxc4 7. Ne5 Nc6 8. Nxc6 bxc6 9. Na3 Bxa3 10. bxa3 Ba6 11. Qa4 {E05: Open Catalan: 5 Nf3 Be7.} Bb5 12. Qa5 {Threatens to win with a4.} c3 13. Qxc3 {White is slightly better.} Bxe2 14. Re1 Bb5 15. a4 $1 {[%cal Ra4b5]} Bxa4 16. Qa5 Bb5 ({Of course not} 16... Qxd4 $6 17. Be3 $16) 17. a4 $1 {[%cal Ra4b5]} Bc4 18. Ba3 Re8 $1 19. Bxc6 {[%mdl 64] Double Attack} Bd5 20. Bxe8 Nxe8 {[#]} 21. Re5 $146 ({Predecessor:} 21. Rac1 Qf6 22. Qc3 g5 23. Re5 Nd6 24. Qxc7 Ne4 25. f4 gxf4 26. Be7 Qg6 27. Rxd5 exd5 28. Qb7 {½-½ (34) Szustakowski,A (2301)-Poormosavi,S (2161) Graz 2019}) 21... f6 22. Re3 h6 23. Rc1 Qd7 24. Rb1 Qf7 25. Rbe1 Rb8 26. Qa6 Qh5 27. Qe2 Qh3 $1 {[%csl Gd5][%cal Rh3g2]} 28. f3 Kf7 (28... Nd6 $11 {remains equal.}) 29. g4 {[%cal Re3e6]} Nd6 30. Qg2 ({Much worse is} 30. Rxe6 $6 Bxf3 31. Re7+ Kg8 $11) (30. Rc1 $16 Kg8 31. Rxc7 Rb1+ 32. Rc1 Rxc1+ 33. Bxc1) 30... Qh4 {next ...Nc4 is good for Black.} 31. Qg3 Qxg3+ 32. hxg3 Nc4 33. Rc3 c6 34. Kf2 a6 35. Re2 Rb1 36. Bc5 Nb2 {And now ...Nd1+ would win.} 37. Ra3 Nc4 $36 {[%mdl 2048] Black has the initiative.} 38. Rc3 Ra1 39. f4 Rxa4 40. f5 e5 41. Rb3 $1 e4 42. Rb7+ (42. Rc2 $11) 42... Kg8 $17 43. Rb4 e3+ ({Black should try} 43... Ra1 $17 44. Rc2 Na3) 44. Rxe3 $1 $11 Nxe3 ({Avoid the trap} 44... Rxb4 $2 45. Re8+ Kh7 46. Bxb4 $18) 45. Rxa4 Nxg4+ {[%mdl 4096] Endgame KRB-KBN} 46. Ke2 h5 47. Bd6 (47. Ke1 $11 {keeps the balance.}) 47... Nh6 $17 48. Bb8 Nxf5 49. Kd3 Kf7 50. Rxa6 g5 $1 51. Ra1 h4 52. gxh4 Nxh4 53. Rg1 Kg6 54. Bc7 {[#]} (54. Rg3 $17) 54... f5 $1 $19 55. Re1 {[#]} (55. Rg3 $17) 55... f4 $1 56. Re8 Kf5 57. Rf8+ Kg4 58. Rf6 Kf3 (58... Nf5 $19 59. Ke2 Nxd4+ 60. Kf2 Nf5) 59. Rh6 $2 {[%mdl 8192]} (59. Bd8 $17) 59... Ng2 {Accuracy: White = 71%, Black = 79%.} (59... Nf5 $142 60. Rh1 Be4+ 61. Kd2 Nxd4) 0-1